| 000 | 00608nam a2200181 a 4500 | ||
|---|---|---|---|
| 005 | 20260112063248.0 | ||
| 020 | _a9788176494946 | ||
| 039 |
_a202110131248 _bstaff _c201407241251 _d staff _y 201003020407 _z staff |
||
| 082 |
_a658.45 _bBEN [Shelf 62 ] |
||
| 100 | _aBentley, T.J | ||
| 245 |
_aReport Writing in Business : _bThe Effective Communication of Information / _cT.J Bentley |
||
| 260 |
_aNew Delhi : _bViva Books , _c2004 |
||
| 300 |
_axv, 114p _bill. _c23cm |
||
| 650 | _aBusiness communication | ||
| 991 | _aVIRTUA40 | ||
| 991 | _aVTLSSORT0080*0200*0820*1000*2450*2600*3000*6500*9992 | ||
| 909 | _a2287 | ||
| 999 |
_c2196 _d2196 |
||